The study on growth rate of chicken hubbard by utilization of cassava root meal in concentrate feed at the RUA (ការសិក្សាលើការលូតលាស់មាន់សាច់HUBBARD ដោយប្រើម្ស៉ោមើមដំឡូងមីជាចំណីផ្សំនៅស្ថានីយ៏ចិញ្ចឺមសត្វនៃសាកលវិទ្យាល័យភូមិន្ទកសិកម្ម) (Record no. 1889)
[ view plain ]
| 000 -LEADER | |
|---|---|
| fixed length control field | 00824nam a22001577a 4500 |
| 003 - CONTROL NUMBER IDENTIFIER | |
| control field | OSt |
| 005 - DATE AND TIME OF LATEST TRANSACTION | |
| control field | 20151004104831.0 |
| 008 - FIXED-LENGTH DATA ELEMENTS--GENERAL INFORMATION | |
| fixed length control field | 151004b xxu||||| |||| 00| 0 eng d |
| 040 ## - CATALOGING SOURCE | |
| Transcribing agency | RUA |
| 082 ## - DEWEY DECIMAL CLASSIFICATION NUMBER | |
| Classification number | AVM KHA 2002 B073 Or.1 |
| 100 ## - MAIN ENTRY--PERSONAL NAME | |
| 9 (RLIN) | 1999 |
| Personal name | KHAY, MONIKA. |
| 245 ## - TITLE STATEMENT | |
| Title | The study on growth rate of chicken hubbard by utilization of cassava root meal in concentrate feed at the RUA (ការសិក្សាលើការលូតលាស់មាន់សាច់HUBBARD ដោយប្រើម្ស៉ោមើមដំឡូងមីជាចំណីផ្សំនៅស្ថានីយ៏ចិញ្ចឺមសត្វនៃសាកលវិទ្យាល័យភូមិន្ទកសិកម្ម) |
| 260 ## - PUBLICATION, DISTRIBUTION, ETC. (IMPRINT) | |
| Place of publication, distribution, etc. | Phnom Penh |
| Name of publisher, distributor, etc. | RUA |
| Date of publication, distribution, etc. | 2002 |
| 300 ## - PHYSICAL DESCRIPTION | |
| Extent | viii, 36p. |
| Other physical details | ill. |
| Dimensions | 29cm. |
| 942 ## - ADDED ENTRY ELEMENTS (KOHA) | |
| Source of classification or shelving scheme | |
| Koha item type | AVM |
| Price effective from | Date last seen | Permanent Location | Not for loan | Date acquired | Source of classification or shelving scheme | Koha item type | Lost status | Withdrawn status | Date last checked out | Total Checkouts | Shelving location | Damaged status | Barcode | Current Location | Full call number |
|---|---|---|---|---|---|---|---|---|---|---|---|---|---|---|---|
| 2015-10-04 | 2025-02-06 | Library Block B | 2015-10-04 | AVM | 2025-01-08 | 1 | B073 | RUA016556 | Library Block B | AVM KHA 2002 B073 Or.1 | |||||
| 2015-10-04 | 2018-11-27 | Library Block B | 2015-10-04 | AVM | 2018-11-02 | 3 | B073 | RUA017985 | Library Block B | AVM KHA 2002 B073 Or.2 | |||||
| 2015-10-04 | 2015-10-04 | Library Block B | 2015-10-04 | AVM | B073 | RUA017916 | Library Block B | AVM KHA 2002 B073 Or.3 | |||||||
| 2015-10-04 | 2016-07-12 | Library Block B | 2015-10-04 | AVM | 2016-07-08 | 1 | B073 | RUA017144 | Library Block B | AVM KHA 2002 B073 Or.4 | |||||
| 2015-10-04 | 2018-12-03 | Library Block B | 2015-10-04 | AVM | 2018-11-12 | 1 | B073 | RUA017145 | Library Block B | AVM KHA 2002 B073 Or.5 |